Sports Quiz

Random Sports or Auto Racing Quiz

F1 Teams Quiz Stats

 Plays Quiz not verified by Sporcle

Score 0/133 Timer 10:00
0 Plays Today
Seasons Team % Correct
1950-Ferrari
96.6%
1965RE
95.3%
1966-McLaren
94.5%
1954-1955 / 2010-Mercedes
91.7%
1958-1994Lotus
90.6%
2010Lotus
90.6%
2005-Red Bull
90.1%
1969-1976Williams
88.2%
1977-Williams
88.2%
1977-1985 / 2002-Renault
87.3%
1964-1968 / 2006-2008Honda
83%
1993-2005 / 2010-Sauber
82.9%
2008-Force India
82.6%
2006-Toro Rosso
80.1%
1991-2005Jordan
79%
1952-1953 / 1967-1969 / 2006-2009BMW
76.5%
1962-1992Brabham
74.6%
1985-2005Minardi
74.2%
1950-1951 / 1979-1985Alfa Romeo
72.7%
1986-2001Benetton
72.5%
2002-2009Toyota
72.2%
2000-2004Jaguar
70.9%
1997-2001Prost
68.8%
1978-1990 / 1997-2002Arrows
68.5%
1999-2005BAR
66.5%
1970-1998Tyrrell
64.7%
2010-Virgin
63.9%
2007Spyker
63%
1997-1999Stewart
63%
1976-1980/ 1983-1996Ligier
58.4%
2010-Hispania
57.9%
2006-2008Super Aguri
55.7%
1951-1977BRM
55%
1950 / 1952-1957Maserati
52.9%
1997Lola
50.4%
1950-1969Cooper
50.3%
2006Midland
49.9%
2009Brawn GP
49.6%
1961-1962Porsche
43.4%
1970-1977 / 1981-1982 / 1987-1989 / 1992March
43.2%
1981-1985Toleman
43.1%
1967-1968Matra
40.5%
1975-1982Fittipaldi
40.1%
1954-1960Vanwall
40.1%
1973-1978Hesketh
39.9%
Seasons Team % Correct
1977-1979Wolf
39.2%
1994-1995Simtek
39.1%
1994-1995Pacific
36.9%
1973-1980Shadow
35.9%
1985-1989Zakspeed
35.1%
1995-1996Forti
34.5%
1963ATS
34.4%
1977-1984ATS
34.4%
1974-1976Penske
34.4%
1970-1978Surtees
32.2%
1986-1991AGS
32.1%
1987-1994Larrousse
32%
1990-1991Leyton House
29.9%
1992Andrea Moda
29.7%
1973-1975Hill
29.5%
1980-1990Osella
27.8%
1989-1990Onyx
27.2%
1966-1968Eagle
26.5%
1990Life
26.3%
1987-1991Coloni
25.6%
1954-1955Lancia
25.5%
1959-1960Aston Martin
25.4%
1974Amon
24.3%
1973-1982Ensign
22.6%
1991-1992Fondmetal
22.2%
1988-1990EuroBrun
21.5%
1956Bugatti
19.8%
1988-1989RIAL
18.9%
1977-1978 / 1981-1983Theodore
17.7%
1950-1951 / 1981-1982Talbot
15.7%
1991Modena
15.3%
1976-1985RAM
15.2%
1978-1979Rebaque
15.1%
1950-1956Gordini
14.6%
1974-1976Parnelli
14.1%
1969Cosworth
13.8%
1991-1996Footwork Arrows
13.7%
1977-1979Merzario
13.7%
1983-1985Spirit
12.4%
1961-1963 / 1970De Tomaso
11.9%
1976-1977Kojima
11.3%
1952-1959Connaught
11.3%
1974-1976Maki
10.7%
1950-1952Alta
10.7%
1974Token
10.5%
Seasons Team % Correct
1950-1960Kurtis Kraft
10.4%
1978Martini
9%
1985-1986Haas Lola
8.9%
1950-1952ERA
8.8%
1973 / 1977LEC
8.6%
1972-1973Tecno
8.6%
1988-1993BMS Scuderia Italia
8.5%
1972Eifelland
8.1%
1951-1954HWM
7.9%
1974Trojan
7.8%
1951-1953Veritas
7.5%
1958-1964BRP
7.4%
1979Kauhsen
7.3%
1976-1977Boro
6.9%
1977Apollon
6.3%
1951-1953 / 1958-1959OSCA
5.9%
1970-1971Bellasi
5.9%
1950Scarab
5.8%
1972Connew
5.8%
1952-1953AFS
5.2%
1952Aston-Butterworth
4.7%
1961Ferguson
4.6%
1953EMW
4.5%
1961-1962Emeryson
4.5%
1962-1963 / 1965 / 1967-1968LDS
4.5%
1976-1977McGuire
4.1%
1955-1962ENB
4%
1974-1975Lyncar
4%
1963-1964Scirocco
3.7%
1960Behra-Porsche
3.6%
1952Cisitalia
3.5%
1963Stebro
3.5%
1952Frazer Nash
3.2%
1954Klenk
3.2%
1966Shannon
3.2%
1959Fry
3.2%
1959-1961JBW
3.2%
1959Tec-Mec
3.2%
1955Arzani-Volpini
2.9%
1950-1951 / 1953Milano
2.7%
1954-1957 / 1959-1962Gilby
2.6%
1964Derrington-Francis
1.6%
1961MBM
1.3%

You're not logged in!

Compare scores with friends on all Sporcle quizzes.
OR
Log In

Sporcle TV

Today on Sporcle TV


Watch our educational content, quiz creation guides, and fun videos on Sporcle TV.

Show Comments

Extras

Top Quizzes Today


Score Distribution

Your Account Isn't Verified!

In order to create a playlist on Sporcle, you need to verify the email address you used during registration. Go to your Sporcle Settings to finish the process.

Report this User

Report this user for behavior that violates our Community Guidelines.

Details: